| 000 | 00480nam a22001217a 4500 | ||
|---|---|---|---|
| 008 | 230612b xxu||||| |||| 00| 0 eng d | ||
| 082 |
_a10015435 _bKEN |
||
| 245 |
_aReport of the Controller and Auditor General on The Appropriation Accounts, Other Public Accounts and the Accounts of the funds of the Republic of Kenya for the Year 2008/2009 _cGovernment of Kenya |
||
| 260 |
_aKenya _bGovernment of Kenya _c2009 |
||
| 300 | _a764 p | ||
| 710 | _bGovernment of Kenya | ||
| 942 |
_2ddc _cBK |
||
| 999 |
_c1001 _d1001 |
||